=LDR 00000nam 2200000 4500 =001 NUTBA000000000005735 =005 20141106140721.0 =006 =007 =008 =020 ##$$a 978.979.041.135-7 =035 ##$$a 0010-111400000000214 =040 ##$$a NBPDMAT =082 ##$$a 612 =090 ##$$a 612 Waw p =100 ##$$a Wawan Kurniawan =245 ##$$a Pengetahuan IPA bagian tubuh manusia dan perawatannya$cWawan Kurniawan =260 ##$$a Jakarta : Ganeca Exact, 2008 =300 ##$$a iv, 36 hlm$bilus$c28 cm =500 ##$$a Bibliografi hlm : 36 =650 ##$$a Tubuh Manusia =850 ##$$a NBPDMAT